000 00476nam a2200169Ia 4500
008 090201s9999 xx 000 0 und d
010 _aKPL-41474
040 _bमराठी
041 _aमराठी
082 _a34728
_b41474
100 _aमाया साठे
245 _aबेरड
_cमाया साठे
260 _c2004
_bप्रिया प्रकाशन
300 _a155
_bमोठा
600 _aबेरड
942 _cBOOK
999 _c232904
_d232904